Management Dictionary / (Record no. 3656)
[ view plain ]
| 000 -LEADER | |
|---|---|
| fixed length control field | 00547nac a22001691u 4500 |
| 008 - FIXED-LENGTH DATA ELEMENTS--GENERAL INFORMATION | |
| fixed length control field | 130117s1983 le ||||| |||| 001 0 eng d |
| 082 ## - DEWEY DECIMAL CLASSIFICATION NUMBER | |
| Classification number | 658.003 |
| Item number | GHA |
| Edition number | 22 |
| 245 ## - TITLE STATEMENT | |
| Title | Management Dictionary / |
| Remainder of title | Nabeil Ghattas...[et.al] |
| 260 ## - PUBLICATION, DISTRIBUTION, ETC. (IMPRINT) | |
| Place of publication, distribution, etc | Beirut: |
| Name of publisher, distributor, etc | Maktabet Lobnan, C.1983. |
| Date of publication, distribution, etc | C.1983. |
| 300 ## - PHYSICAL DESCRIPTION | |
| Extent | 240p; |
| Dimensions | 19cm. |
| 500 ## - GENERAL NOTE | |
| General note | Arabic-Arabic-English. |
| 500 ## - GENERAL NOTE | |
| General note | Title In Arabic and English. |
| 650 ## - SUBJECT ADDED ENTRY--TOPICAL TERM | |
| Topical term or geographic name as entry element | Arabic language--Dictionaries--English |
| 9 (RLIN) | 31888 |
| 700 ## - ADDED ENTRY--PERSONAL NAME | |
| Personal name | Brech, E. |
| 9 (RLIN) | 31889 |
| 700 ## - ADDED ENTRY--PERSONAL NAME | |
| Personal name | Johannsen, H. |
| 9 (RLIN) | 31890 |
| 942 ## - ADDED ENTRY ELEMENTS (KOHA) | |
| Item type | NB - Book (Non borrowing) |
| Call number prefix | 658.003 GHA |
| Source of classification or shelving scheme | Dewey Decimal Classification |
| Withdrawn status | Item status | Source of classification or shelving scheme | Damaged status | Not for loan | Vendor | Home library | Current library | Shelving location | Date acquired | Source of acquisition | Total Checkouts | Full call number | Barcode | Date last seen | Date last borrowed | Koha item type |
|---|---|---|---|---|---|---|---|---|---|---|---|---|---|---|---|---|
| Dewey Decimal Classification | Central Library | Central Library | First floor | 07/05/2006 | 1 | 658.003 GHA | 000039506 | 15/07/2025 | 29/09/2008 | NB - Book (Non borrowing) |